La delimitacion de los rendimientos del capital en el Impuesto sobre la renta de las personas fisicas

Bibliographic Details
Main Author: ℓlvarez Barbeito, Pilar
Format: Unknown
Language:Spanish
Published: [Barcelona] : Cedecs, 2001
Subjects:
Online Access:Acceso restringido

MARC

LEADER 00000ny a22000003n 4500
005 20110603140136.0
008 080617s2001 sp s 000 0 spa c
035 |a 327 
040 |a UMA.RE  |d vLex 
080 |a 336.226.1(460)(0.034) 
090 |c 446  |d 446 
100 |a ℓlvarez Barbeito, Pilar 
245 1 3 |a La delimitacion de los rendimientos del capital en el Impuesto sobre la renta de las personas fisicas  |h [Recurso electrn̤ico]  |c Pilar ℓlvarez Barbeito 
256 |a Servicio en ln̕ea 
260 |a [Barcelona] :  |b Cedecs,  |c 2001 
506 1 |a Contenido solo disponible en los productos indicados  |d vLex Global  |d vLex Global (Academic Edition, excluding Law Schools)  |d vLex Global (U.S. Academic Edition, Law Schools)  |d vLex Global (U.S. Academic Edition, excluding Law Schools)  |d vLex Global (Academic Edition, Law Schools) 
650 0 7 |a Tributario  |2 Tesauro vLex 
650 0 7 |a Impuesto sobre la renta de las personas  |2 Tesauro vLex 
650 0 7 |a Derecho tributario  |2 Tesauro vLex 
650 0 7 |a Impuesto sobre las rentas de capital  |2 Tesauro vLex 
740 0 |a vLex Libros (Servicios en ln̕ea) 
856 4 0 |u http://vlex.com/source/327  |z Acceso restringido 
942 |c BOOK 
999 0 |a Taxation  |b Barcelona